Library administration an resources

Contents of material: Library management planning. Resources and staff training. Library public relations. Public library training. Library records. Financial management. Dta processing. Library leadership. Administration functions. Dynamic of organisation. Theories of information scienc

Gorde:
Xehetasun bibliografikoak
Formatua: Liburua
Hizkuntza:Undetermined
Argitaratua: Darya Ganj, New Delhi Anmol Pubications 2001
Gaiak:
Etiketak: Etiketa erantsi
Etiketarik gabe, Izan zaitez lehena erregistro honi etiketa jartzen!
Thư viện lưu trữ: Trung tâm Học liệu Trường Đại học Cần Thơ
LEADER 00839nam a2200193Ia 4500
001 CTU_124754
008 210402s9999 xx 000 0 und d
020 |c 53.00 
082 |a 025.19 
082 |b L697 
245 0 |a Library administration an resources 
245 0 |c Edited by Shyama Balakrisnan, P. K. Paliwal 
260 |a Darya Ganj, New Delhi 
260 |b Anmol Pubications 
260 |c 2001 
520 |a Contents of material: Library management planning. Resources and staff training. Library public relations. Public library training. Library records. Financial management. Dta processing. Library leadership. Administration functions. Dynamic of organisation. Theories of information scienc 
650 |a Library education,Library administration 
904 |i Minh 
980 |a Trung tâm Học liệu Trường Đại học Cần Thơ